00742 2200265 4500001002100000005001500021035002000036007000300056008004100059020001800100082000800118084001400126100001800140245013700158250001000295260003700305300003500342650001800377700001800395700001900413990001100432990001100443990001100454990001100465INLIS00000000000119720180109011621 a0010-0118000015ta180109 g 0 ind  a979-002-679-x a597 a597 EDD p0 aEddy Afrianto1 aPenyakit Ikan :bMengenal 73 jenis penyakit pada berbagi jenis ikan , cara mendeteksi penyakit, teknik pencegahan ,dan pengobatannya aCet.1 aJakarta :bPenebarSwadaya,c2015 a20hlm ++ :bIlus ;c15 x 23 cm aPenyakit Ikan0 aEvi Liviawaty0 aZafran Jamaris a5652 a a5652 b a5332 D a5332 A